|
|
|
|
| LEADER |
00000nam a2200000 a 4500 |
| 001 |
vtls001271768 |
| 003 |
SK-MaSNL |
| 005 |
20260302093352.0 |
| 008 |
240318s1945 xx 0 lat |
| 035 |
|
|
|a SNK000222891
|
| 040 |
|
|
|a SNK
|b slo
|c SNK
|e AACR2
|
| 041 |
0 |
|
|a lat
|
| 044 |
|
|
|a xx
|
| 100 |
1 |
|
|a Beňo, Ján Augustín,
|d 1921-2006
|4 aut
|9 39986
|
| 245 |
1 |
0 |
|a Felix culpa
|c Ján A. Beňo
|
| 260 |
|
|
|a [S.l.]
|b ASSÚŠ
|c 1945
|
| 300 |
|
|
|a 32 s.
|c 8°
|
| 958 |
|
|
|a RK
|
| 999 |
|
|
|c 1208599
|d 1210529
|
| 952 |
|
|
|a SNK
|b SNK
|y PREZ
|7 0
|p 17A0923040
|o snkSC 24691
|i snkF 707/69
|8 5
|0 0
|1 0
|4 0
|d 2012-08-28
|l 0
|r 2026-02-24 23:05:02
|w 2026-02-24
|